| 000 | 00890nam a2200277 a 4500 | ||
|---|---|---|---|
| 005 | 20200104041519.0 | ||
| 008 | 140226b1999 ck a gr|||| 00| 0 spa d | ||
| 040 |
_aCO-BoIAVH _cCO-BoIAVH |
||
| 041 | _aspa | ||
| 044 | _ack | ||
| 082 | 4 |
_a333.714 _bS93r |
|
| 100 | 1 | _aSuaza Barrera, Jorge | |
| 245 | 1 | _aReserva natural bajo Cauca Nechí | |
| 260 |
_aValle del Cauca _bGobernación de Antioquia _c1999 |
||
| 300 |
_a33 paginas _bilustraciones.; _c21 x 16 cm |
||
| 650 | 4 | _aComunidades locales | |
| 650 | 4 | _aEspecies endémicas | |
| 650 | 4 | _aAspectos ecológicos | |
| 650 | 4 | _aAspectos biofísicos | |
| 650 | 4 | _aEtnobotánica | |
| 650 | 4 | _aEspecies amenazadas | |
| 650 | 4 | _aInventarios | |
| 662 |
_aColombia _cReserva Natural Bajo Cauca - Nechí _bAntioquia |
||
| 700 | 1 | _aMárquez, Gabriel Jaime | |
| 942 |
_cLIBRO _2ddc |
||
| 999 |
_c1249 _d1249 |
||